000
00325nam a22001337a 4500
008
250307b |||||||| |||| 00| 0 eng d
020
_a
9783527406371
050
_a
QC20
_b
.K43
100
_a
Kelly James J
245
_a
Graduate Mathematical Physics
260
_a
Weinheim
_b
Wiley-VCH
_c
2006
300
_a
XVI,466P
942
_c
BK
999
_c
2147
_d
2147